Demonización y penalización del ejercicio de la profesión de ciencias económicas (Registro nro. 20490)

Detalles MARC
000 -LEADER
fixed length control field 00363 a2200109 4500
001 - CONTROL NUMBER
control field ART_55115
005 - DATE AND TIME OF LATEST TRANSACTION
control field 20260410161800.0
008 - FIXED-LENGTH DATA ELEMENTS--GENERAL INFORMATION
fixed length control field 260409a
100 1# - MAIN ENTRY--PERSONAL NAME
Personal name Sequeira, Marcos A.
245 10 - TITLE STATEMENT
Title Demonización y penalización del ejercicio de la profesión de ciencias económicas
773 0# - HOST ITEM ENTRY
Title Doctrina tributaria
Related parts - N°502 (ene. 2022)
Record control number REV4296

No hay ítems disponibles.